000
00308nam a2200133Ia 4500
008
230917s9999||||xx |||||||||||||| ||und||
040
_e
130079
_a
MAIN
041
_a
English
082
_a
780.5 S58SV22/1
100
_a
Garg, Parbhulal
245
0
_a
Sangeet: samaj that ank
300
_a
168p p.
942
_c
BK
999
_c
38500
_d
38500